Statistics for Closest States in Each Election Since 2000

Click here to take the quiz!

General Stats

  • This quiz has been taken 65 times
  • The average score is 27 of 30

Answer Stats

YearMarginState% Correct
20000.0092%Florida
98%
20161.20%Florida
98%
20120.88%Florida
98%
20201.16%Pennsylvania
98%
20160.72%Pennsylvania
98%
20201.35%North Carolina
97%
20080.33%North Carolina
97%
20122.04%North Carolina
97%
20122.98%Ohio
97%
20042.11%Ohio
97%
20040.38%Wisconsin
97%
20200.63%Wisconsin
97%
20000.22%Wisconsin
97%
20160.77%Wisconsin
97%
20200.31%Arizona
95%
20200.24%Georgia
95%
20123.87%Virginia
95%
20160.23%Michigan
93%
20000.31%Iowa
91%
20040.67%Iowa
91%
20040.79%New Mexico
91%
20000.061%New Mexico
91%
20041.37%New Hampshire
90%
20160.37%New Hampshire
90%
20081.03%Indiana
86%
20125.37%Colorado
83%
20080.13%Missouri
78%
20000.44%Oregon
74%
20082.26%Montana
71%
20081.21%Nebraska (2nd)
53%

Score Distribution

Percentile by Number Answered

Percent of People with Each Score

Your Score History

You have not taken this quiz